Find The Mystery Country Using Miles Clues - Statistics

General Stats
  • This quiz has been taken 3,995 times
  • The average score is 60 of 196
Answers on the Map
Answers color-coded by a green-red scale on the quiz's map according to % correct below.
 
Answer Stats
Miles Away Country % Correct
5,087 United States
75%
2,697 Russia
71%
1,081 United Kingdom
61%
3,823 China
55%
6,538 Brazil
54%
4,179 Canada
53%
1,204 France
52%
697 Germany
49%
1,701 Spain
49%
3,709 India
48%
8,376 Australia
47%
1,167 Italy
47%
6,097 Mexico
44%
1535 Iceland
43%
631 Norway
43%
929 Denmark
42%
311 Sweden
42%
407 Poland
40%
352 Finland
39%
649 Ukraine
39%
6,021 South Africa
38%
4,199 Democratic Republic of the Congo
37%
2,097 Egypt
37%
4,950 Japan
37%
1,329 Turkey
37%
2,286 Algeria
36%
1,237 Greece
36%
1310 Ireland
36%
8,311 Argentina
35%
8,447 Chile
35%
2,182 Iran
35%
1,909 Portugal
35%
2,498 Saudi Arabia
35%
774 Austria
34%
2,873 Chad
34%
2,298 Morocco
33%
2,841 Niger
33%
3965 Republic of the Congo
33%
756 Romania
33%
932 Belgium
32%
5,323 Dominican Republic
32%
706 Hungary
32%
6,238 Indonesia
32%
2140 Libya
32%
3263 Mongolia
32%
840 Netherlands
32%
7,110 Peru
32%
983 Switzerland
32%
256 Belarus
31%
5,437 Cuba
31%
616 Czechia
31%
1,867 Iraq
31%
6298 Panama
31%
903 Serbia
31%
3,049 Sudan
31%
6,290 Colombia
30%
193 Estonia
30%
3,089 Mali
30%
2911 Oman
30%
2,814 Pakistan
30%
603 Slovakia
30%
4,642 South Korea
30%
2,561 Afghanistan
29%
1,105 Albania
29%
7,083 Bolivia
29%
946 Bosnia and Herzegovina
29%
978 Bulgaria
29%
3470 Central African Republic
29%
910 Croatia
29%
3,646 Ghana
29%
1,855 Kazakhstan
29%
3,990 Kenya
29%
5,367 Madagascar
29%
1523 Malta
29%
674 Moldova
29%
3,463 Nepal
29%
10711 New Zealand
29%
4,387 North Korea
29%
848 Slovenia
29%
3,755 Somalia
29%
1,668 Syria
29%
4,795 Thailand
29%
2,736 United Arab Emirates
29%
7720 Uruguay
29%
5,894 Venezuela
29%
5,174 Vietnam
29%
3,113 Yemen
29%
4,704 Angola
28%
5,221 Bahamas
28%
6,057 Belize
28%
5,134 Cambodia
28%
6334 Costa Rica
28%
1,558 Cyprus
28%
6,806 Ecuador
28%
3,400 Ethiopia
28%
9359 Fiji
28%
6,199 Guatemala
28%
5,387 Haiti
28%
6,099 Honduras
28%
1,851 Israel
28%
1,900 Jordan
28%
1000 Kosovo
28%
122 Lithuania
28%
903 Luxembourg
28%
5,499 Malaysia
28%
1177 Monaco
28%
3,405 Nigeria
28%
7301 Paraguay
28%
5,747 Philippines
28%
2545 Qatar
28%
1,740 Tunisia
28%
1167 Vatican City
28%
1417 Andorra
27%
5106 Antigua and Barbuda
27%
1481 Armenia
27%
1,550 Azerbaijan
27%
2495 Bahrain
27%
3,956 Bangladesh
27%
3,491 Benin
27%
3749 Bhutan
27%
5454 Botswana
27%
3,476 Cameroon
27%
3778 Cape Verde
27%
5184 Dominica
27%
6273 El Salvador
27%
4040 Gabon
27%
3657 Gambia
27%
1304 Georgia
27%
3,719 Guinea
27%
5694 Guyana
27%
5617 Jamaica
27%
8671 Kiribati
27%
4628 Laos
27%
1677 Lebanon
27%
5959 Lesotho
27%
925 Liechtenstein
27%
4552 Maldives
27%
3063 Mauritania
27%
1006 Montenegro
27%
4,265 Myanmar
27%
5508 Namibia
27%
6201 Nicaragua
27%
1063 North Macedonia
27%
7,670 Papua New Guinea
27%
4,063 Rwanda
27%
1039 San Marino
27%
3,566 Senegal
27%
4583 Seychelles
27%
5,733 Singapore
27%
3,465 South Sudan
27%
4,517 Sri Lanka
27%
5638 Suriname
27%
5,098 Taiwan
27%
2,435 Tajikistan
27%
4,395 Tanzania
27%
3565 Togo
27%
3,848 Uganda
27%
2,063 Uzbekistan
27%
4,825 Zambia
27%
5,232 Zimbabwe
27%
5241 Barbados
26%
5962 Brunei
26%
3,377 Burkina Faso
26%
4,161 Burundi
26%
4862 Comoros
26%
3251 Djibouti
26%
7149 East Timor
26%
3887 Equatorial Guinea
26%
2984 Eritrea
26%
5756 Eswatini
26%
7061 Federated States of Micronesia
26%
5372 Grenada
26%
3754 Guinea-Bissau
26%
3,771 Ivory Coast
26%
2204 Kuwait
26%
2452 Kyrgyzstan
26%
0 Latvia
26%
3937 Liberia
26%
4,862 Malawi
26%
7635 Marshall Islands
26%
5651 Mauritius
26%
5,240 Mozambique
26%
8026 Nauru
26%
6522 Palau
26%
5127 Saint Kitts and Nevis
26%
5254 Saint Lucia
26%
5318 Saint Vincent and the Grenadines
26%
9329 Samoa
26%
4032 Sao Tome and Principe
26%
3868 Sierra Leone
26%
8406 Solomon Islands
26%
9770 Tonga
26%
5447 Trinidad and Tobago
26%
2005 Turkmenistan
26%
8703 Tuvalu
26%
8963 Vanuatu
26%
No matching quizzes found
Score Distribution
Percent of People with Each Score
Percentile by Number Answered
Your Score History
You have not taken this quiz